Illustrated dictionery of IT (Record no. 68231)
[ view plain ]
| 000 -LEADER | |
|---|---|
| fixed length control field | 00364nam a22001337a 4500 |
| 005 - DATE AND TIME OF LATEST TRANSACTION | |
| control field | 20120628112646.0 |
| 020 ## - INTERNATIONAL STANDARD BOOK NUMBER | |
| Terms of availability | 250.00 |
| 037 ## - SOURCE OF ACQUISITION | |
| Stock number | dpl |
| Source of stock number/acquisition | K .K.Pub / ven |
| 245 ## - TITLE STATEMENT | |
| Title | Illustrated dictionery of IT |
| 260 ## - PUBLICATION, DISTRIBUTION, ETC. (IMPRINT) | |
| Place of publication, distribution, etc | Noida |
| Name of publisher, distributor, etc | Saraswat Book Pub |
| Date of publication, distribution, etc | 2011 |
| 270 ## - ADDRESS | |
| Address | G-9 Sec-22 |
| City | Noida |
| 300 ## - PHYSICAL DESCRIPTION | |
| Extent | 190pg, iillus |
| Dimensions | 22cm |
| 942 ## - ADDED ENTRY ELEMENTS (KOHA) | |
| Source of classification or shelving scheme | Dewey Decimal Classification |
| Item type | English Books |
| Classification part | 621.003 |
| Call number suffix | ILL |
No items available.
